<?xml version="1.0" encoding="UTF-8"?>
<collection xmlns="http://www.loc.gov/MARC21/slim">
 <record>
  <leader>00756nam a22002295a 4500</leader>
  <controlfield tag="001">EUN.um067104</controlfield>
  <controlfield tag="008">041125s1999####ag#a#####bm###000#0#spa#d</controlfield>
  <controlfield tag="005">20140929084225.0</controlfield>
  <datafield tag="245" ind1="1" ind2="0">
   <subfield code="a">Variación genética y plasticidad fenotípica en una gramínea perenne del sur del distrito del Caldén /</subfield>
   <subfield code="c">María Andrea Luján Tomás.</subfield>
  </datafield>
  <datafield tag="260" ind1=" " ind2=" ">
   <subfield code="c">1999.</subfield>
  </datafield>
  <datafield tag="300" ind1=" " ind2=" ">
   <subfield code="a">88 h. :</subfield>
   <subfield code="b">ilus. ;</subfield>
   <subfield code="c">29,5 cm..</subfield>
  </datafield>
  <datafield tag="502" ind1=" " ind2=" ">
   <subfield code="a">Tesis--Universidad Nacional del Sur, 1999.</subfield>
  </datafield>
  <datafield tag="504" ind1=" " ind2=" ">
   <subfield code="a">Incluye referencias bibliográficas.</subfield>
  </datafield>
  <datafield tag="100" ind1="1" ind2=" ">
   <subfield code="a">Tomás, María Andrea Luján.</subfield>
  </datafield>
  <datafield tag="082" ind1="0" ind2="4">
   <subfield code="a">040</subfield>
  </datafield>
  <datafield tag="082" ind1="0" ind2="4">
   <subfield code="a">584.8</subfield>
  </datafield>
  <datafield tag="653" ind1=" " ind2=" ">
   <subfield code="a">Fitoecologia</subfield>
  </datafield>
  <datafield tag="653" ind1=" " ind2=" ">
   <subfield code="a">Pastoreo</subfield>
  </datafield>
  <datafield tag="653" ind1=" " ind2=" ">
   <subfield code="a">Plantas</subfield>
  </datafield>
  <datafield tag="653" ind1=" " ind2=" ">
   <subfield code="a">Fitogenetica</subfield>
  </datafield>
  <datafield tag="653" ind1=" " ind2=" ">
   <subfield code="a">Hierbas</subfield>
  </datafield>
  <datafield tag="859" ind1=" " ind2=" ">
   <subfield code="a">Ar-BaUNS</subfield>
   <subfield code="b">Dto. Agronomia</subfield>
   <subfield code="h">040</subfield>
   <subfield code="i">B148 1999-422</subfield>
   <subfield code="p">109866/999</subfield>
  </datafield>
 </record>
</collection>
